Beşiktaş JK Squad 2022-2023 - Statistics

General Stats
  • This quiz has been taken 148 times
  • The average score is 23 of 36
Answer Stats
# Position Nation Player % Correct
2 DF France Valentin Rosier
94%
1 GK Turkey Ersin Destanoğlu
93%
10 FW Cameroon Vincent Aboubakar
93%
34 GK Turkey Mert Günok
91%
18 FW Algeria Rachid Ghezzal
90%
9 FW Turkey Cenk Tosun
87%
83 MF Portugal Gedson Fernandes
87%
- Coach Turkey Şenol Güneş
83%
26 DF Morocco Romain Saïss
81%
6 DF Gambia Omar Colley
78%
15 FW England Nathan Redmond
76%
8 MF Turkey Salih Uçan
76%
25 DF DR Congo Arthur Masuaku
75%
40 FW DR Congo Jackson Muleka
75%
20 DF Turkey Necip Uysal
73%
4 DF Spain Javi Montero
72%
- Coach France Valérien Ismaël
69%
13 MF Canada Atiba Hutchinson
68%
19 MF Bosnia and Herzegovina Amir Hadžiahmetović
67%
7 FW Cameroon Georges-Kévin N'Koudou
65%
10 FW Netherlands Wout Weghorst
65%
11 MF England Dele Alli
63%
3 DF Turkey Tayyib Talha Sanuç
56%
4 DF Turkey Onur Bulut
55%
97 GK Turkey Utku Yuvakuran
55%
23 DF Brazil Welinton
52%
44 MF Romania Alexandru Maxim
50%
77 DF Turkey Umut Meraş
48%
30 FW United States Tyler Boyd
46%
99 GK Turkey Emre Bilgin
44%
5 MF Brazil Souza
43%
88 MF Turkey Tayfur Bingöl
41%
14 DF Turkey Emrecan Uzunhan
23%
22 MF Turkey Berkay Vardar
20%
17 MF Turkey Kerem Atakan Kesgin
19%
33 FW Turkey Oğuzhan Akgün
12%
No matching quizzes found
Score Distribution
Percent of People with Each Score
Percentile by Number Answered
Your Score History
You have not taken this quiz